|
|
|
|
| LEADER |
00000nab a2200000 a 4500 |
| 001 |
vtls000349683 |
| 003 |
SK-MaSNL |
| 005 |
20260304025657.0 |
| 008 |
250310c1989 xo 0 slo |
| 015 |
|
|
|a SNBRB19rr/mm-uuuuu
|
| 035 |
|
|
|a CL0349805
|
| 035 |
|
|
|a urn:nbn:sk:snk-abf1ly
|
| 035 |
|
|
|a (urnnbn)urn:nbn:sk:snk:ar-005mi7
|
| 035 |
|
|
|a (uuid)4e9ed3ee-170b-4a10-b392-18ff7b948d2a
|
| 040 |
|
|
|a SNKBUCL
|b slo
|c SNKBUCL
|e AACR2
|
| 041 |
0 |
|
|a slo
|
| 044 |
|
|
|a xo
|c SK
|
| 080 |
|
|
|a 82.09:885.4-3(087.5)(048)
|2 1981
|
| 080 |
|
|
|a 885.4-3(087.5)(048)
|2 1981
|
| 100 |
1 |
|
|a Nadubinský, Michal,
|d 1935-2004
|4 aut
|9 78927
|
| 245 |
1 |
0 |
|a Helena Križanová-Brindzová: Najmladší z rodiny
|c Michal Nadubinský
|
| 500 |
|
|
|a V rubrike Recenze
|
| 650 |
0 |
7 |
|a slovenské príbehy
|2 snkbucl
|9 303047
|
| 655 |
|
7 |
|a recenzie
|2 snkbucl
|9 21907
|
| 655 |
|
7 |
|a články z novín a časopisov
|2 snkbucl
|9 267496
|
| 655 |
|
7 |
|a články z odboru literárna veda a krásna literatúra
|2 snkbucl
|9 770045
|
| 773 |
0 |
|
|t Zlatý máj
|g Roč. 33, č. 3 (1989), s. 185-187
|
| 787 |
0 |
8 |
|i Rec.:
|a Križanová-Brindzová, Helena
|t Najmladší z rodiny
|d Bratislava : Mladé letá, 1988
|
| 850 |
|
|
|a Slovenská národná knižnica v Martine
|a MTA001
|
| 852 |
|
|
|a SNK
|b KIS3GCP
|
| 958 |
|
|
|a OND
|
| 958 |
|
|
|a BX
|
| 958 |
|
|
|a RK
|
| 958 |
|
|
|a LX
|
| 958 |
|
|
|a article27
|
| 992 |
|
|
|a RBX
|
| 999 |
|
|
|c 2629093
|d 2631023
|